000 00418nam a2200145Ia 4500
008 100122s9999 xx 000 0 und d
082 _b28766
_a823
100 _aभागवत यशवंत
245 _aनिर्माल्य
260 _bओंकार प्रकाशन
_c1979
300 _a148
630 _aनिर्माल्य
730 _aनिर्माल्य
942 _cBOOK
999 _c414351
_d414348